000 01149nam a2200301 i 4500
003 EG-GICUC
005 20260307221932.0
008 260307s2007 ua ||||f |||| 00| 0 ara d
040 _a EG-GICUC
_bara
_c EG-GICUC
_d EG-GICUC
_erda
041 0 _aara
082 0 4 _221
_a341.762
_bم ح . م
092 0 4 _221
_a341.762
099 _aLaw1 11 341.762 م ح . م 2007
100 0 _aمحمد صافى يوسف
_eمؤلف.
245 _aمبدأ الأحتياط لوقوع الضرر :
_bدراسة فى إطار القانون الدولى للبيئة/
_cمحمد صافى يوسف
264 _aالقاهرة :
_bدار النهضة العربية،
_c2007
300 _a204 صفحة
_c24 سم
336 _2rda content
_atext
337 _2rda media
_aComputer
338 _2rda carrier
_aOnline Resource
504 _a. 240-220 ببليوجرافيا: صفحات.
650 1 _aالموارد الطبيعية
_xالقانون الدولى
_2qrmak
650 1 _aالبيئة
_xالقانون الدولى
651 1 _2qrmak
856 4 0 _uhttps://fll.law.cu.edu.eg/fulltext/bks/B11-05379.pdf
905 _a15
942 _2ddc
_cBK
_e21
_n0
999 _c65794
_d65794